A magyarországi egyházak alkotmányának és közigazgatási jogának rövid foglalata

Elmentve itt :
Bibliográfiai részletek
Szerző: Kosutány Ignác
Dokumentumtípus: Könyv
Megjelent: Bartos Lipót Könyvnyomdája Szeged, Magyarország 1923
Kiadás:2. kiadás
Kulcsszavak:Egyházjog - magyar - 20. sz., Közigazgatási jog - magyar
Tárgyszavak:
Online Access:http://misc.bibl.u-szeged.hu/58100
LEADER 00839nam a2200217 i 4500
001 misc58100
005 20210614083352.0
008 210614s1923 hu o 0|| hun d
040 |a SZTE Miscellanea Repozitórium  |b hun 
041 |a hun 
100 1 |a Kosutány Ignác 
245 1 2 |a A magyarországi egyházak alkotmányának és közigazgatási jogának rövid foglalata  |h [elektronikus dokumentum] /  |c  Kosutány Ignác 
260 |a Bartos Lipót Könyvnyomdája  |b Szeged, Magyarország  |c 1923 
250 |a 2. kiadás 
300 |a 173 p.  |c 23 cm 
650 4 |a Társadalomtudományok 
650 4 |a Jogtudomány 
650 4 |a Jog, kriminológia, büntetéstudomány 
650 4 |a Jogtörténet 
695 |a Egyházjog - magyar - 20. sz., Közigazgatási jog - magyar 
856 4 0 |u http://misc.bibl.u-szeged.hu/58100/1/xb_222819.pdf  |z Dokumentum-elérés